Ortodoncia teoría y clínica (Registro nro. 6561)

000 -CABECERA
Campo de control de longitud fija 02098nam a22003137a 4500
001 - NÚMERO DE CONTROL
Campo de control 007139
003 - IDENTIFICADOR DEL NÚMERO DE CONTROL
Campo de control St
005 - FECHA Y HORA DE LA ÚLTIMA TRANSACCIÓN
Campo de control 20260305130056.0
008 - CÓDIGOS DE INFORMACIÓN DE LONGITUD FIJA
Campo de control de longitud fija 230816t2010 xxu||||| |||| 00| 0 spa d
020 ## - NÚMERO INTERNACIONAL NORMALIZADO PARA LIBROS (ISBN)
Número Internacional Normalizado para Libros (ISBN) 9789589076330
040 ## - FUENTE DE LA CATALOGACIÓN
Centro que cataloga Bogotá (Dr. David Ordóñez Rueda) - Campus Norte
Centro catalogador de origen Unicoc
Lengua de catalogación spa
Centro modificador Bogotá (Dr. David Ordóñez Rueda) - Campus Norte
082 ## - NÚMERO DE LA CLASIFICACIÓN DECIMAL DEWEY
Número de clasificación 617.643
100 ## - PUNTO DE ACCESO PRINCIPAL - NOMBRE DE PERSONA
Nombre de persona Uribe Restrepo, Gonzalo Alonso
245 ## - MENCIÓN DE TÍTULO
Título Ortodoncia teoría y clínica
Mención de responsabilidad etc. / Gonzalo Alonso Uribe Restrepo
250 ## - MENCIÓN DE EDICIÓN
Mención de edición 2a ed.
260 ## - PUBLICATION, DISTRIBUTION, ETC. (IMPRINT)
Lugar de publicación distribución etc. Medellín :
Nombre del editor distribuidor etc. CIB,
Fecha de publicación distribución etc. 2010
300 ## - DESCRIPCIÓN FÍSICA
Extensión XXVII, 1312p.
440 ## - MENCIÓN DE SERIE
9 (RLIN) 6754
Título Fundamentos de odontología
500 ## - NOTA GENERAL
Nota general Incluye Glosario e índice
505 ## - NOTA DE CONTENIDO CON FORMATO
Título Ortodoncia basada en la evidencia. --
-- Crecimiento y desarrollo. --
-- Biología celular y molecular. --
-- Fuerza y movimiento dental. --
-- Ortodoncia y reabsorción radicular. --
-- Control del dolor en ortodoncia. --
-- Análisis de arcos dentales. --
-- Determinantes del perfil facial. --
-- Fotografías y radiografías, evaluación. --
-- Fotografía clínica digital en ortodoncia. --
-- Maloclusión: tratamiento temprano. --
-- Odontología y endocrinología pediátrica. --
-- Relación fonoaudiología y ortodoncia. --
-- Guía de erupción y extracción seriada. --
-- Problemas transversales del maxilar. --
-- Tratamiento de hipoplasia. --
-- Micrognasia mandibular. --
-- Prognatismo mandibular. --
-- Física y biomecánica. --
-- Fuerza de fricción en ortodoncia. --
-- Metales y alambres en ortodoncia. --
-- Análisis del espacio intrabracket. --
-- Diseño y confección de ansas. --
-- Análisis mecánico del anclaje. --
-- Anclaje con implantes de oseointegración en ortodoncia. --
-- Anclaje óseo.
526 ## - NOTA DE INFORMACIÓN SOBRE EL PROGRAMA DE ESTUDIO
Institución que aplica el campo Unicoc
546 ## - NOTA DE LENGUA
Nota de lengua Español
650 #0 - PUNTO DE ACCESO ADICIONAL DE MATERIA - TÉRMINO DE MATERIA
Término de materia o nombre geográfico como elemento inicial Anclajes en ortodoncia
9 (RLIN) 8443
650 #0 - PUNTO DE ACCESO ADICIONAL DE MATERIA - TÉRMINO DE MATERIA
Término de materia o nombre geográfico como elemento inicial Tratamiento ortodóncico
9 (RLIN) 219
650 #0 - PUNTO DE ACCESO ADICIONAL DE MATERIA - TÉRMINO DE MATERIA
9 (RLIN) 4361
Término de materia o nombre geográfico como elemento inicial Ortodoncia
Subdivisión de forma Principios y técnicas
658 #0 - TÉRMINO DE INDIZACIÓN - OBJETIVO CURRICULAR
9 (RLIN) 9280
Programa Académico Posgrado de Ortodoncia y Ortopedia Maxilar
856 ## - LOCALIZACIÓN Y ACCESO ELECTRÓNICOS
Identificador Uniforme del Recurso (URI) https://unicoceduco-my.sharepoint.com/:b:/g/personal/direccionbiblioteca_unicoc_edu_co/IQBWWPrOg-6DRZjZcg8Pv1EWAXo_SZ2rWY2hIac4rTzVJa4?e=FtrlZT
Texto del enlace Acceso online exclusivo para comunidad Unicoc.
942 ## - ENTRADA PARA ELEMENTOS AGREGADOS (KOHA)
Fuente de clasificación o esquema de ordenación en estanterías
Koha [por defecto] tipo de item Libro
Existencias
Fecha de adquisición Número de ejemplar Signatura completa Préstamos totales Fecha última consulta No para préstamo Código de barras Estado de pérdida Tipo de item de Koha Fuente de adquisición Localización permanente Renovaciones totales Estropeado Código de colección Localización actual Precio Prestado Fecha último préstamo Fuente de clasificación o esquema de ordenación en estanterías Fecha del precio de reemplazo Localización en estanterías
2012-02-08Ej. 1617.643 U762 2010712025-10-17 1344 Libro Biblioteca Cali (Dr. Jairo Forero Morales)   Biblioteca Cali (Dr. Jairo Forero Morales)  2025-10-16 2014-05-21 
2012-02-10Ej. 2617.643 U762 20101532026-04-16 1345 Libro Biblioteca Cali (Dr. Jairo Forero Morales)3  Biblioteca Cali (Dr. Jairo Forero Morales) 2026-04-202026-04-16 2014-05-21 
2009-07-09Ej. 1617.643 U762 20101192025-08-19 B549 Libro Bogotá (Dr. David Ordóñez Rueda) - Campus Norte9  Bogotá (Dr. David Ordóñez Rueda) - Campus Norte  2025-08-12 2014-05-21 
2023-08-17 617.643 2024-04-17 Ebook6561 Libro electrónicoCompraBogotá (Dr. David Ordóñez Rueda) - Campus Norte  Coleccion OnlineBogotá (Dr. David Ordóñez Rueda) - Campus Norte150000.00   2024-04-17 
2025-10-07Ej. 2617.643 U762 201012026-04-06 22440 LibroCompraBogotá (Dr. David Ordóñez Rueda) - Campus Norte1 Colección GeneralBogotá (Dr. David Ordóñez Rueda) - Campus Norte500000.00 2026-03-25 2025-10-07Segundo piso

© 2014 UNICOC | Institución Universitaria Colegios de Colombia - UNICOC
Bogotá D.C. Autopista Norte Km. 20. Teléfono:(571)6683535
Cali: Calle 13 Norte No. 3N-13. Teléfono: (572)6608887

Con tecnología de Koha